|
|
|
|
| LEADER |
01136pam a22002538a 4500 |
| 001 |
00044747 |
| 005 |
20191003151049.0 |
| 008 |
170516s2006 ||||||Viesd |
| 020 |
# |
# |
|a 9786045740774
|c 336000
|
| 041 |
0 |
# |
|a Vie
|
| 082 |
1 |
# |
|a 324.259 707 1
|b M458S
|
| 100 |
0 |
# |
|a Nguyễn, Văn Thạo
|e Đồng chủ biên
|
| 245 |
0 |
0 |
|a Một số vấn đề lý luận - thực tiễn cấp thiết liên quan trực tiếp đến Đổi mới nội dung, Phương thức lãnh đạo của Đảng và Quản lý của nhà nước
|c Nguyễn Văn Thạo, Nguyễn Viết Thông (đồng chủ biên)
|
| 260 |
# |
# |
|a Hà Nội
|b Chính trị quốc gia
|c 2019
|
| 300 |
# |
# |
|a 795 tr.
|c 21 cm.
|
| 653 |
# |
# |
|a Chính trị
|
| 653 |
# |
# |
|a Đảng Cộng sản Việt Nam
|
| 653 |
# |
# |
|a Việt Nam
|
| 653 |
# |
# |
|a Công tác Đảng
|
| 653 |
# |
# |
|a Lãnh đạo
|
| 700 |
1 |
# |
|a Nguyễn, Viết Thông
|e Đồng chủ biên
|
| 852 |
# |
# |
|j KD.0026221
|j KM.0031556
|
| 910 |
# |
# |
|d 3/10/2019
|
| 980 |
# |
# |
|a Trung tâm Học liệu Lê Vũ Hùng, Trường Đại học Đồng Tháp
|